00678nam a2200169 a 4500003000200000005001700002008004100019050002700060100003100087245009300118260009000211300004100301504004100342650004600383650003200429650004700461020250319095748.0080915s19uu xx 00 eng d aPHS JV 6347b.In7 2008 aInocencio, Alfonso Luis M. aReintegration preparedness among overseas Filipino workers /cAlfonso Luis M. Inocencio. aLas Piñas City, Philippines :bSouthville International School and Colleges,c2008. a125 pages :billustrations ;c28 cm. aIncludes bibliographical references. aOverseas Filipino workersxReintegration. aMigrant laborzPhilippines. aRepatriationxSocial aspectszPhilippines.